|
|
|
|
| LEADER |
00000nam a22000007a 4500 |
| 005 |
20130809174557.0 |
| 007 |
cr|||| |||| |
| 008 |
130809s2013 mx |||||s|||| 00||0 spa d |
| 020 |
|
|
|a 978 607 402 113 4
|
| 035 |
|
|
|a 11447
|
| 040 |
|
|
|a vLex
|
| 090 |
|
|
|c 4471
|d 4471
|
| 100 |
1 |
|
|a Melňdez Torres, Juana Mara̕
|
| 245 |
1 |
0 |
|a Cultura y seguridad alimentaria
|h [Recurso electrn̤ico] :
|b Enfoques conceptuales, contexto global y experiencias locales /
|c Juana Mara̕ Melňdez Torres, Sergio A. Sandoval Godoy
|
| 256 |
|
|
|a Servicio en ln̕ea
|
| 260 |
|
|
|a D.F.:
|b Plaza Valdš Editores,
|c 2013
|
| 300 |
|
|
|a 1 recurso electrn̤ico
|
| 506 |
1 |
|
|a Contenido solo disponible en los productos indicados
|d vLex Global
|d vLex Global (Academic Edition, excluding Law Schools)
|d vLex Global (U.S. Academic Edition, Law Schools)
|d vLex Global (U.S. Academic Edition, excluding Law Schools)
|d vLex Global (Academic Edition, Law Schools)
|
| 650 |
0 |
4 |
|a Sociologa̕
|z Mx̌ico
|
| 700 |
2 |
|
|a Sandoval Godoy, Sergio A.
|
| 740 |
0 |
|
|a vLex Libros (Servicio en ln̕ea)
|
| 856 |
4 |
0 |
|u http://vlex.com/source/cultura-seguridad-alimentaria-enfoques-conceptuales-contexto-global-experiencias-locales-11447
|z Acceso restringido
|
| 942 |
|
|
|c BOOK
|
| 999 |
0 |
|
|a Food security
|